[Event "IECG QC.2007.0.00088 email"]
[Site "IECG email"]
[Date "2007.03.12"]
[Round "?"]
[White "Poulsen, Rene"]
[Black "Wisham, Clyde"]
[Result "0-1"]
[WhiteElo "1667"]
[BlackElo "1758"]
[PlyCount "26"]
[EventDate "2007.03.12"]
[EventType "tourn (corr)"]
[EventRounds "6"]
[SourceTitle "Corr 2024"]
[Source "ChessBase"]
[SourceDate "2023.10.19"]
[SourceVersion "1"]
[SourceVersionDate "2023.10.19"]
[SourceQuality "1"]

1. c4 Nf6 2. Nc3 g6 3. d4 d5 4. Bg5 Ne4 5. Nxe4 dxe4 6. e3 c5 7. Ne2 Bg7 8. Qa4+ Bd7 9. Qa3 cxd4 10. Nxd4 Nc6 11. Rd1 Qa5+ 12. Qxa5 Nxa5 13. b4 Nc6 0-1

[Event "IECG CC.2007.0.00146 email"]
[Site "IECG email"]
[Date "2007.02.11"]
[Round "?"]
[White "Poulsen, Rene"]
[Black "McAndrew, Harry"]
[Result "0-1"]
[WhiteElo "1751"]
[BlackElo "1633"]
[PlyCount "34"]
[EventDate "2007.02.11"]
[EventType "tourn (corr)"]
[EventRounds "6"]
[SourceTitle "Corr 2024"]
[Source "ChessBase"]
[SourceDate "2023.10.19"]
[SourceVersion "1"]
[SourceVersionDate "2023.10.19"]
[SourceQuality "1"]

1. c4 Nf6 2. Nc3 e5 3. Nf3 Nc6 4. g3 Nd4 5. Bg2 Nxf3+ 6. exf3 Bc5 7. 0-0 0-0 8. d3 c6 9. Re1 d6 10. Bg5 h6 11. Bxf6 Qxf6 12. Ne4 Qg6 13. Nxc5 dxc5 14. Rxe5 Bf5 15. d4 cxd4 16. Qxd4 Rfd8 17. Qc3 Rd7 0-1

[Event "IECG CC.2006.0.00140 email"]
[Site "IECG email"]
[Date "2006.08.27"]
[Round "?"]
[White "Suarez, Ron"]
[Black "Poulsen, Rene"]
[Result "1-0"]
[WhiteElo "1699"]
[BlackElo "1775"]
[PlyCount "55"]
[EventDate "2006.08.27"]
[EventType "tourn (corr)"]
[EventRounds "6"]
[SourceTitle "Corr 2008"]
[Source "ChessBase"]
[SourceDate "2008.06.24"]
[SourceVersion "1"]
[SourceVersionDate "2008.06.24"]
[SourceQuality "1"]

1. e4 e6 2. d4 d5 3. Nc3 Nf6 4. Bg5 Be7 5. e5 Nfd7 6. Bxe7 Qxe7 7. f4 0-0 8. Nf3 c6 9. Be2 b6 10. 0-0 Ba6 11. Bd3 f6 12. exf6 Rxf6 13. g3 Nf8 14. Bxa6 Nxa6 15. Ne5 c5 16. Re1 Nc7 17. dxc5 Qxc5+ 18. Kh1 Rc8 19. a4 Ne8 20. Nb5 Qxc2 21. Nxa7 Qxd1 22. Rexd1 Rc2 23. Nac6 Rxb2 24. Rab1 Rxb1 25. Rxb1 g5 26. Rxb6 gxf4 27. Rb8 f3 28. Ng4 1-0

[Event "IECG TE.2004.P.01709 email"]
[Site "IECG email"]
[Date "2004.12.27"]
[Round "?"]
[White "Deschamp, Guy"]
[Black "Poulsen, Rene"]
[Result "1-0"]
[WhiteElo "2309"]
[BlackElo "2083"]
[PlyCount "45"]
[EventDate "2004.12.27"]
[EventType "tourn (corr)"]
[EventRounds "8"]
[SourceTitle "Corr 2008"]
[Source "ChessBase"]
[SourceDate "2008.06.24"]
[SourceVersion "1"]
[SourceVersionDate "2008.06.24"]
[SourceQuality "1"]

1. b4 d5 2. Bb2 e6 3. e3 Nf6 4. b5 Nbd7 5. Nf3 Bd6 6. c4 dxc4 7. Bxc4 Nb6 8. Be2 0-0 9. 0-0 a6 10. bxa6 bxa6 11. d3 Rb8 12. e4 Nbd5 13. Qd2 Bf4 14. Qc2 Nb4 15. Qc3 Nc6 16. Bc1 Bxc1 17. Rxc1 Rb6 18. Nbd2 Bd7 19. a4 a5 20. Nc4 Ra6 21. Nce5 Nxe5 22. Nxe5 h6 23. Qxc7 1-0

[Event "IECG TE.2004.P.01709 email"]
[Site "IECG email"]
[Date "2004.12.27"]
[Round "?"]
[White "Pott, Brian"]
[Black "Poulsen, Rene"]
[Result "1/2-1/2"]
[WhiteElo "1751"]
[BlackElo "2083"]
[PlyCount "60"]
[EventDate "2004.12.27"]
[EventType "tourn (corr)"]
[EventRounds "8"]
[SourceTitle "Corr 2008"]
[Source "ChessBase"]
[SourceDate "2008.06.24"]
[SourceVersion "1"]
[SourceVersionDate "2008.06.24"]
[SourceQuality "1"]

1. b4 c6 2. Bb2 d5 3. e3 Nf6 4. c4 Bf5 5. cxd5 Nxd5 6. a3 e6 7. Nc3 Nxc3 8. Bxc3 Nd7 9. Nf3 Nf6 10. Be2 Bd3 11. 0-0 Be7 12. Bd4 Bxe2 13. Qxe2 0-0 14. d3 Qd5 15. Ne5 Rfd8 16. f4 Nd7 17. Rab1 Nxe5 18. fxe5 Rd7 19. Qf2 Bf8 20. Qc2 a5 21. Rb3 axb4 22. axb4 Ra4 23. Qc3 Ra2 24. Rf2 Ra1+ 25. Rf1 Rxf1+ 26. Kxf1 Qb5 27. Bc5 Rd8 28. Ra3 b6 29. Bxf8 Rxf8 30. Kg1 h6 1/2-1/2

[Event "IECG TE.2004.P.01709 email"]
[Site "IECG email"]
[Date "2004.12.27"]
[Round "?"]
[White "Poulsen, Rene"]
[Black "Deschamp, Guy"]
[Result "0-1"]
[WhiteElo "2083"]
[BlackElo "2309"]
[PlyCount "44"]
[EventDate "2004.12.27"]
[EventType "tourn (corr)"]
[EventRounds "8"]
[SourceTitle "Corr 2008"]
[Source "ChessBase"]
[SourceDate "2008.06.24"]
[SourceVersion "1"]
[SourceVersionDate "2008.06.24"]
[SourceQuality "1"]

1. b4 a5 2. bxa5 Nc6 3. Bb2 e5 4. e3 Nf6 5. Nf3 Rxa5 6. Be2 e4 7. Nd4 Nxd4 8. Bxd4 Rg5 9. 0-0 d5 10. f4 exf3 11. Bxf3 Bd6 12. Nc3 Ng4 13. Bxg4 Bxg4 14. Qb1 0-0 15. Nb5 Be7 16. Qb2 c6 17. Na7 Qb8 18. Rab1 Bd6 19. Nxc6 Bxh2+ 20. Kh1 Qg3 21. Ne7+ Kh8 22. Qb4 Rg8 0-1

[Event "IECG TE.2004.P.01709 email"]
[Site "IECG email"]
[Date "2004.12.27"]
[Round "?"]
[White "Poulsen, Rene"]
[Black "Pott, Brian"]
[Result "0-1"]
[WhiteElo "2083"]
[BlackElo "1751"]
[PlyCount "42"]
[EventDate "2004.12.27"]
[EventType "tourn (corr)"]
[EventRounds "8"]
[SourceTitle "Corr 2008"]
[Source "ChessBase"]
[SourceDate "2008.06.24"]
[SourceVersion "1"]
[SourceVersionDate "2008.06.24"]
[SourceQuality "1"]

1. b4 d5 2. a3 e5 3. Bb2 Bd6 4. d4 e4 5. e3 Nf6 6. c4 c6 7. Nc3 0-0 8. cxd5 cxd5 9. Rc1 a5 10. b5 Nbd7 11. Nge2 Nb6 12. Qb3 Ng4 13. h3 Nh2 14. Nf4 Nxf1 15. Rxf1 Bxf4 16. exf4 Nc4 17. Rc2 Re8 18. Bc1 e3 19. Bxe3 Bf5 20. Rc1 Nxe3 21. fxe3 Rxe3+ 0-1

[Event "IECG TE.2004.P.01714 email"]
[Site "IECG email"]
[Date "2004.12.27"]
[Round "?"]
[White "Wurm, Tamas"]
[Black "Poulsen, Rene"]
[Result "1-0"]
[WhiteElo "1243"]
[BlackElo "2083"]
[PlyCount "49"]
[EventDate "2004.12.27"]
[EventType "tourn (corr)"]
[EventRounds "8"]
[SourceTitle "Corr 2008"]
[Source "ChessBase"]
[SourceDate "2008.06.24"]
[SourceVersion "1"]
[SourceVersionDate "2008.06.24"]
[SourceQuality "1"]

1. b4 d5 2. Bb2 e6 3. Nf3 Nf6 4. e3 Bxb4 5. a3 Ba5 6. c4 0-0 7. Be2 dxc4 8. Bxc4 a6 9. 0-0 b5 10. Be2 Nbd7 11. d4 Bb7 12. Nbd2 c5 13. dxc5 Nxc5 14. Rc1 Rc8 15. Nd4 Na4 16. Ba1 Rxc1 17. Qxc1 Qd6 18. N2b3 Rc8 19. Qb1 Bc7 20. g3 Qxa3 21. Rc1 Nd5 22. Bg4 Nf6 23. Be2 Be4 24. Bd3 Ne8 25. Bxe4 1-0

[Event "IECG CP.2004.P.00029 email"]
[Site "IECG email"]
[Date "2004.10.01"]
[Round "?"]
[White "Parra, Christian"]
[Black "Poulsen, Rene"]
[Result "1-0"]
[WhiteElo "1813"]
[BlackElo "2083"]
[PlyCount "85"]
[EventDate "2004.10.01"]
[EventType "tourn (corr)"]
[EventRounds "6"]
[SourceTitle "Corr 2011"]
[Source "ChessBase"]
[SourceDate "2010.08.31"]
[SourceVersion "1"]
[SourceVersionDate "2010.08.31"]
[SourceQuality "1"]

1. e4 e6 2. d4 d5 3. Nd2 c5 4. exd5 Qxd5 5. Ngf3 cxd4 6. Bc4 Qd8 7. 0-0 Nf6 8. Nb3 Nc6 9. Qe2 Qb6 10. Rd1 Bc5 11. a4 a6 12. Nxc5 Qxc5 13. b3 Qh5 14. Nxd4 Qxe2 15. Bxe2 Nxd4 16. Rxd4 e5 17. Rd2 Bf5 18. Bc4 0-0 19. Bb2 Rad8 20. Rad1 Rxd2 21. Rxd2 Re8 22. a5 Ne4 23. Rd5 Nf6 24. Rxe5 Bxc2 25. Rxe8+ Nxe8 26. Be5 Be4 27. f3 Bc6 28. Kf2 Kf8 29. Ke3 f6 30. Bb2 Ke7 31. Bd3 h5 32. Bg6 h4 33. Ba3+ Nd6 34. Bf5 g5 35. Bc5 Bd7 36. Bxd6+ Kxd6 37. Bxd7 Kxd7 38. Ke4 Ke6 39. f4 f5+ 40. Ke3 g4 41. Kd4 Kd6 42. b4 h3 43. g3 1-0

[Event "IECG TE.2004.P.01607 email"]
[Site "IECG email"]
[Date "2004.09.22"]
[Round "?"]
[White "Pereira, Prashant"]
[Black "Poulsen, Rene"]
[Result "0-1"]
[WhiteElo "1259"]
[BlackElo "2083"]
[PlyCount "66"]
[EventDate "2004.09.22"]
[EventType "tourn (corr)"]
[EventRounds "8"]
[SourceTitle "Corr 2008"]
[Source "ChessBase"]
[SourceDate "2008.06.24"]
[SourceVersion "1"]
[SourceVersionDate "2008.06.24"]
[SourceQuality "1"]

1. e4 c6 2. d4 d5 3. e5 Bf5 4. c3 e6 5. Be3 Be7 6. Ne2 Qb6 7. Qb3 Nd7 8. Ng3 Qxb3 9. axb3 Bxb1 10. Rxb1 f6 11. f4 Nh6 12. Be2 b6 13. 0-0 Kf7 14. Bd3 a5 15. f5 fxe5 16. fxe6+ Kxe6 17. Bxh6 gxh6 18. Bf5+ Kd6 19. Bxd7 Kxd7 20. dxe5 Bc5+ 21. Kh1 Rhf8 22. Nh5 Rxf1+ 23. Rxf1 Ke6 24. g3 Kxe5 25. Rf6 Rf8 26. Rxh6 Rf1+ 27. Kg2 Rf2+ 28. Kh3 Rxb2 29. Nf4 Kf5 30. Nd3 Rxb3 31. Nxc5 bxc5 32. Rxc6 Rxc3 33. Kh4 a4 0-1

[Event "IECG TE.2004.P.01607 email"]
[Site "IECG email"]
[Date "2004.09.22"]
[Round "?"]
[White "Pott, Brian"]
[Black "Poulsen, Rene"]
[Result "1-0"]
[WhiteElo "1746"]
[BlackElo "2083"]
[PlyCount "57"]
[EventDate "2004.09.22"]
[EventType "tourn (corr)"]
[EventRounds "8"]
[SourceTitle "Corr 2008"]
[Source "ChessBase"]
[SourceDate "2008.06.24"]
[SourceVersion "1"]
[SourceVersionDate "2008.06.24"]
[SourceQuality "1"]

1. e4 c6 2. d4 d5 3. e5 Bf5 4. Nf3 e6 5. Be2 c5 6. 0-0 Nc6 7. c3 Qb6 8. dxc5 Bxc5 9. b4 Be7 10. Qa4 0-0-0 11. Na3 a6 12. b5 axb5 13. Nxb5 Qa5 14. Qb3 h6 15. Nfd4 Be4 16. Bf4 g5 17. Bg3 h5 18. Nd6+ Bxd6 19. exd6 Nf6 20. Rab1 Bxb1 21. Rxb1 Qa7 22. d7+ Kxd7 23. Qxb7+ Qxb7 24. Rxb7+ Ke8 25. Nxc6 Ra8 26. Bd6 Nd7 27. Bb5 Rxa2 28. h4 f6 29. Nb8 1-0

[Event "IECG TE.2004.P.01607 email"]
[Site "IECG email"]
[Date "2004.09.22"]
[Round "?"]
[White "Poulsen, Rene"]
[Black "Precerutti, Juan Arturo"]
[Result "1/2-1/2"]
[WhiteElo "2083"]
[BlackElo "1813"]
[PlyCount "44"]
[EventDate "2004.09.22"]
[EventType "tourn (corr)"]
[EventRounds "8"]
[SourceTitle "Corr 2008"]
[Source "ChessBase"]
[SourceDate "2008.06.24"]
[SourceVersion "1"]
[SourceVersionDate "2008.06.24"]
[SourceQuality "1"]

1. e4 c6 2. d4 d5 3. e5 Bf5 4. c3 e6 5. Qb3 Qb6 6. Nd2 Nd7 7. Ngf3 Ne7 8. Be2 c5 9. 0-0 cxd4 10. Qxb6 Nxb6 11. Bb5+ Nd7 12. Nxd4 Bg6 13. N2b3 a6 14. Bxd7+ Kxd7 15. Be3 Nc6 16. Nxc6 bxc6 17. Rfd1 Be7 18. Nc5+ Kc7 19. a4 Rhb8 20. Rd2 a5 21. Kf1 Bf5 22. Rad1 h6 1/2-1/2